[Event "DEM U16 2014"]
[Site "Magdeburg GER"]
[Date "2014.06.09"]
[Round "3"]
[White "Mager, Denis"]
[Black "Perske, Thore"]
[Result "1/2-1/2"]
[Termination "normal"]
[Board "3"]
[WhiteElo "2138"]
[BlackElo "2219"]
[PlyCount "88"]
[WhiteFideId "24691127"]
[BlackFideId "12902195"]
[EventCountry "GER"]
[EventRounds "9"]
[EventType "swiss"]
[EventDate "2014.06.07"]

1. g3 Nf6 2. Bg2 g6 3. d4 Bg7 4. e4 d6 5. Ne2 O-O 6. O-O Nbd7 7. h3 e5 8. Be3
exd4 9. Bxd4 Re8 10. Nbc3 c6 11. a4 Qc7 12. g4 h6 13. Ng3 b6 14. f4 Bb7 15. Qd2
Rad8 16. Qf2 Re7 17. Rad1 a6 18. Bf3 b5 19. axb5 axb5 20. b4 Ne8 21. Bxg7 Kxg7
22. h4 Qb6 23. g5 Qxf2+ 24. Rxf2 Nb6 25. Rdf1 Nc4 26. Be2 Bc8 27. f5 Ra7 28.
Bxc4 bxc4 29. Nce2 d5 30. Nd4 Rc7 31. fxg6 fxg6 32. Nxc6 Rd6 33. b5 hxg5 34.
hxg5 Bh3 35. Re1 d4 36. e5 Rd5 37. Kh2 Bd7 38. Ne7 Rxb5 39. e6 Bxe6 40. Rxe6
Rxg5 41. Nxg6 Rxg6 42. Rxe8 d3 43. cxd3 cxd3 44. Rd8 Rc2 1/2-1/2

[Event "DEM U16 2014"]
[Site "Magdeburg GER"]
[Date "2014.06.09"]
[Round "3"]
[White "Kollars, Dmitrij"]
[Black "Gretz, Denis"]
[Result "1/2-1/2"]
[Termination "normal"]
[Board "4"]
[WhiteElo "2191"]
[BlackElo "2021"]
[PlyCount "66"]
[WhiteFideId "12909572"]
[BlackFideId "12945188"]
[EventCountry "GER"]
[EventRounds "9"]
[EventType "swiss"]
[EventDate "2014.06.07"]

1. e4 c5 2. Nf3 Nc6 3. b4 e5 4. Bc4 cxb4 5. O-O Be7 6. c3 bxc3 7. Nxc3 Nf6 8.
d4 d6 9. h3 O-O 10. Rb1 b6 11. Ba3 exd4 12. Nxd4 Nxd4 13. Qxd4 Bb7 14. e5 dxe5
15. Qxd8 Bxd8 16. Bxf8 Kxf8 17. Bb3 Be7 18. Rbc1 Ba3 19. Rc2 Rd8 20. Rd1 Rxd1+
21. Nxd1 Bc5 22. Nb2 Ne4 23. Nd3 Bd6 24. Bc4 Ke7 25. Bb5 Nc5 26. Rd2 Nxd3 27.
Rxd3 f6 28. Kf1 f5 29. Rd2 g6 30. h4 h6 31. f3 Ke6 32. Bc4+ Ke7 33. Bb5 Ke6
1/2-1/2

[Event "DEM U16 2014"]
[Site "Magdeburg GER"]
[Date "2014.06.09"]
[Round "3"]
[White "Pfreundt, Jakob"]
[Black "Richter, Leonard"]
[Result "1-0"]
[Termination "normal"]
[Board "5"]
[WhiteElo "1982"]
[BlackElo "2127"]
[PlyCount "71"]
[WhiteFideId "12918156"]
[BlackFideId "12900290"]
[EventCountry "GER"]
[EventRounds "9"]
[EventType "swiss"]
[EventDate "2014.06.07"]

1. d4 Nf6 2. Nf3 g6 3. c4 Bg7 4. g3 O-O 5. Bg2 d6 6. O-O Nc6 7. Nc3 a6 8. Bf4
Re8 9. Rc1 Rb8 10. Qd2 Bg4 11. Rfd1 Nd7 12. Be3 e5 13. d5 Bxf3 14. exf3 Ne7 15.
b4 Nf5 16. c5 Nxe3 17. Qxe3 Bf8 18. Na4 f5 19. a3 b5 20. cxb6 Nxb6 21. Nxb6
Rxb6 22. Rc4 Qb8 23. Rdc1 Re7 24. h4 Rb5 25. Qd2 Qa8 26. Rc6 Rb7 27. Bf1 Ra7
28. a4 a5 29. b5 e4 30. fxe4 Rxe4 31. Rxc7 Rxc7 32. Rxc7 Rxa4 33. h5 Rb4 34.
Qc3 Qd8 35. h6 Rd4 36. b6 1-0

[Event "DEM U16 2014"]
[Site "Magdeburg GER"]
[Date "2014.06.09"]
[Round "3"]
[White "Borchert, René"]
[Black "Bingert, Tim Niklas"]
[Result "1/2-1/2"]
[Termination "normal"]
[Board "6"]
[WhiteElo "2008"]
[BlackElo "2122"]
[PlyCount "76"]
[WhiteFideId "12990671"]
[BlackFideId "12917907"]
[EventCountry "GER"]
[EventRounds "9"]
[EventType "swiss"]
[EventDate "2014.06.07"]

1. e4 e5 2. Nf3 Nc6 3. Bc4 Bc5 4. c3 Nf6 5. d4 exd4 6. cxd4 Bb4+ 7. Bd2 Nxe4 8.
Bxb4 Nxb4 9. Bxf7+ Kxf7 10. Qb3+ d5 11. Qxb4 Re8 12. O-O Kg8 13. Nbd2 a5 14.
Qb3 Ra6 15. Rfe1 Rb6 16. Qc2 Bf5 17. Nf1 Rf8 18. Rac1 Bh3 19. Ng3 Nxg3 20. hxg3
Rc6 21. Qb3 Rcf6 22. Re3 Bc8 23. Rce1 c6 24. a4 h6 25. R1e2 Kh7 26. Nh4 Qd6 27.
Nf3 Qd8 28. Ne5 Qc7 29. g4 Qd6 30. Rg3 Kg8 31. Qc3 b6 32. g5 hxg5 33. Rxg5 c5
34. Qg3 Qc7 35. Rh5 Qd6 36. Rg5 Qc7 37. Ng4 Rf4 38. Ne5 R4f6 1/2-1/2

[Event "DEM U16 2014"]
[Site "Magdeburg GER"]
[Date "2014.06.09"]
[Round "3"]
[White "Grigorian, Spartak"]
[Black "Bilchinski, Anton"]
[Result "1-0"]
[Termination "normal"]
[Board "7"]
[WhiteElo "2186"]
[BlackElo "1974"]
[PlyCount "71"]
[WhiteFideId "24661490"]
[BlackFideId "24615765"]
[EventCountry "GER"]
[EventRounds "9"]
[EventType "swiss"]
[EventDate "2014.06.07"]

1. d4 Nf6 2. c4 e6 3. Nc3 Bb4 4. e3 b6 5. Bd3 Bb7 6. Nf3 Ne4 7. O-O Bxc3 8.
bxc3 O-O 9. Qc2 f5 10. Bb2 d6 11. Rae1 Rf6 12. d5 Nc5 13. Nd4 exd5 14. cxd5
Bxd5 15. Nxf5 Nxd3 16. Qxd3 Be6 17. e4 Nd7 18. c4 Ne5 19. Qc2 Rf7 20. f4 Ng4
21. Nd4 Qc8 22. Rf3 a6 23. h3 Nf6 24. e5 dxe5 25. fxe5 Ne8 26. Rxf7 Bxf7 27.
Qe4 c5 28. Nc6 Kh8 29. e6 Bg6 30. Qf4 Nf6 31. Ne7 Qf8 32. Nd5 Qb8 33. Be5 Nxd5
34. cxd5 Qe8 35. d6 Kg8 36. Bc3 1-0

[Event "DEM U16 2014"]
[Site "Magdeburg GER"]
[Date "2014.06.09"]
[Round "3"]
[White "Baskin, Robert"]
[Black "Peters, Tom"]
[Result "1-0"]
[Termination "normal"]
[Board "8"]
[WhiteElo "2222"]
[BlackElo "1931"]
[PlyCount "91"]
[WhiteFideId "24662402"]
[BlackFideId "24694444"]
[EventCountry "GER"]
[EventRounds "9"]
[EventType "swiss"]
[EventDate "2014.06.07"]

1. e4 c5 2. Nf3 Nc6 3. d4 cxd4 4. Nxd4 Nf6 5. Nc3 d6 6. Bc4 e6 7. O-O Be7 8.
Be3 O-O 9. Qe2 a6 10. a4 Qc7 11. Kh1 Nxd4 12. Bxd4 e5 13. Be3 Be6 14. Bb3 Rac8
15. Bg5 Bc4 16. Bxc4 Qxc4 17. Qxc4 Rxc4 18. Bxf6 Bxf6 19. Rfd1 Rd8 20. Rd5 Be7
21. f3 Rdc8 22. Rd3 Kf8 23. h3 R8c6 24. Ra3 Rb4 25. Rb3 Rxb3 26. cxb3 Bh4 27.
Nd5 Rc2 28. Rc3 Rxc3 29. bxc3 Bf2 30. g4 Ke8 31. Kg2 Bc5 32. Kf1 Kd7 33. Ke2 f6
34. Kd3 Bf2 35. Kc4 Bg1 36. h4 Bf2 37. h5 h6 38. Nb4 Be3 39. Nd5 Bf2 40. b4 b6
41. Kd3 Bg1 42. Ke2 b5 43. axb5 axb5 44. Kd3 Bf2 45. c4 bxc4+ 46. Kxc4 1-0

[Event "DEM U16 2014"]
[Site "Magdeburg GER"]
[Date "2014.06.09"]
[Round "3"]
[White "Grunau, Christoph"]
[Black "Wilhelm, Till"]
[Result "0-1"]
[Termination "normal"]
[Board "9"]
[WhiteElo "2077"]
[BlackElo "1994"]
[PlyCount "84"]
[WhiteFideId "12929760"]
[BlackFideId "12942391"]
[EventCountry "GER"]
[EventRounds "9"]
[EventType "swiss"]
[EventDate "2014.06.07"]

1. e4 e5 2. Nf3 Nc6 3. d4 exd4 4. Nxd4 Nf6 5. Nc3 Bb4 6. Nxc6 bxc6 7. Bd3 d5 8.
exd5 cxd5 9. O-O O-O 10. Bg5 c6 11. Na4 Be6 12. c3 Be7 13. Bc2 Re8 14. Qd3 g6
15. Qd4 Nd7 16. Bxe7 Qxe7 17. f4 Qf6 18. Rae1 Qxd4+ 19. cxd4 Rab8 20. a3 Nb6
21. b4 Nc4 22. Rf3 Bg4 23. Rxe8+ Rxe8 24. Rc3 Bd1 25. Bb3 Bxb3 26. Rxb3 Re1+
27. Kf2 Rd1 28. b5 cxb5 29. Rxb5 Rxd4 30. Nc3 Rd2+ 31. Ke1 d4 32. Rc5 dxc3 33.
Rxc4 Rxg2 34. Rxc3 Rxh2 35. Rc7 a5 36. f5 Ra2 37. f6 h5 38. Rc8+ Kh7 39. Rf8
Rxa3 40. Rxf7+ Kh6 41. Rf8 Kg5 42. f7 Kf6 0-1

[Event "DEM U16 2014"]
[Site "Magdeburg GER"]
[Date "2014.06.09"]
[Round "3"]
[White "Schmekel, Florian"]
[Black "Beeck, Mats"]
[Result "1-0"]
[Termination "normal"]
[Board "10"]
[WhiteElo "1771"]
[BlackElo "1877"]
[PlyCount "69"]
[WhiteFideId "12913456"]
[BlackFideId "12936944"]
[EventCountry "GER"]
[EventRounds "9"]
[EventType "swiss"]
[EventDate "2014.06.07"]

1. d4 Nf6 2. c4 g6 3. Nc3 Bg7 4. e4 d6 5. Be2 O-O 6. Bg5 h6 7. Be3 c5 8. d5 e6
9. Qd2 exd5 10. exd5 Kh7 11. h4 Ng4 12. Bxg4 Bxg4 13. f3 Bd7 14. g4 f5 15. g5
h5 16. Nge2 a6 17. a4 Re8 18. Kf2 f4 19. Bxf4 Bf5 20. Ng3 Qd7 21. Rhe1 Rf8 22.
Nce4 Bh3 23. Nf6+ Bxf6 24. gxf6 Rxf6 25. Bg5 Rf7 26. Re2 Nc6 27. dxc6 Rxf3+ 28.
Ke1 Qg4 29. Re7+ Kg8 30. Qd5+ Kh8 31. Qxd6 Qxg3+ 32. Qxg3 Rxg3 33. cxb7 Rd8 34.
Bf6+ Kg8 35. Rg7+ 1-0

[Event "DEM U16 2014"]
[Site "Magdeburg GER"]
[Date "2014.06.09"]
[Round "3"]
[White "Bohlsen, Linus"]
[Black "Niegsch, Nicolas"]
[Result "0-1"]
[Termination "normal"]
[Board "11"]
[WhiteElo "1888"]
[BlackElo "2005"]
[PlyCount "64"]
[WhiteFideId "12958093"]
[BlackFideId "12932140"]
[EventCountry "GER"]
[EventRounds "9"]
[EventType "swiss"]
[EventDate "2014.06.07"]

1. d4 Nf6 2. c4 c5 3. d5 e6 4. Nc3 exd5 5. cxd5 d6 6. Nf3 g6 7. Nd2 Bg7 8. Nc4
O-O 9. Bf4 b6 10. e4 Ne8 11. Qd2 a6 12. a4 f5 13. Be2 Qc7 14. h4 Nd7 15. exf5
gxf5 16. h5 Ne5 17. Rh3 Rb8 18. Rg3 Kh8 19. Ne3 Qf7 20. Qc2 Ng4 21. Nc4 Bd4 22.
Bxg4 fxg4 23. Be3 b5 24. Na5 Bf6 25. Nc6 Rb7 26. Bh6 Ng7 27. Re3 Qxh5 28. Bxg7+
Rxg7 29. O-O-O Bg5 30. axb5 axb5 31. Nxb5 Qh6 32. Rde1 g3 0-1

[Event "DEM U16 2014"]
[Site "Magdeburg GER"]
[Date "2014.06.09"]
[Round "3"]
[White "Müller, Max"]
[Black "Tesch, Davy"]
[Result "1-0"]
[Termination "normal"]
[Board "12"]
[WhiteElo "1795"]
[BlackElo "1744"]
[PlyCount "67"]
[WhiteFideId "12900486"]
[BlackFideId "24679917"]
[EventCountry "GER"]
[EventRounds "9"]
[EventType "swiss"]
[EventDate "2014.06.07"]

1. e4 d5 2. exd5 Qxd5 3. Nc3 Qa5 4. d4 Nf6 5. Nf3 Bf5 6. Ne5 c6 7. g4 Bg6 8. h4
Nd5 9. Bd2 f6 10. Nxg6 hxg6 11. Bd3 Nxc3 12. Bxg6+ Kd7 13. Bxc3 Qd5 14. f3 Na6
15. Qe2 e6 16. Be4 Qd6 17. O-O-O Qc7 18. a3 Bd6 19. h5 Raf8 20. Bd3 Qb6 21.
Bxa6 bxa6 22. Rhe1 Re8 23. Rd3 Re7 24. Bd2 Rb8 25. Rb3 Qxd4 26. Rxb8 Bxb8 27.
Qxa6 Qb6 28. Qd3+ Kc8 29. Be3 Qb5 30. c4 Qb7 31. Rd1 Rd7 32. Qxd7+ Qxd7 33.
Rxd7 Kxd7 34. Kc2 1-0

[Event "DEM U16 2014"]
[Site "Magdeburg GER"]
[Date "2014.06.09"]
[Round "3"]
[White "Herdzik, Matthias"]
[Black "Scheftlein, Richard"]
[Result "1/2-1/2"]
[Termination "normal"]
[Board "13"]
[WhiteElo "1899"]
[BlackElo "1957"]
[PlyCount "63"]
[WhiteFideId "12983241"]
[BlackFideId "12945609"]
[EventCountry "GER"]
[EventRounds "9"]
[EventType "swiss"]
[EventDate "2014.06.07"]

1. e4 e6 2. d4 d5 3. Nc3 Bb4 4. e5 c5 5. a3 Bxc3+ 6. bxc3 Qa5 7. Bd2 Qa4 8. Qg4
Kf8 9. Qd1 b6 10. Nf3 Ba6 11. Bd3 Nc6 12. O-O cxd4 13. Bxa6 Qxa6 14. cxd4 Nge7
15. c3 Rc8 16. Ng5 Qd3 17. f4 h6 18. Rf3 Qf5 19. Rh3 Kg8 20. Nf3 Ng6 21. Ne1 h5
22. Nd3 Na5 23. Qa4 Nc4 24. Qd7 Kh7 25. g4 Qxg4+ 26. Rg3 Qf5 27. Rg5 Rhd8 28.
Qxa7 Ra8 29. Rxf5 Rxa7 30. Rxh5+ Kg8 31. Bc1 Rda8 32. f5 1/2-1/2

[Event "DEM U16 2014"]
[Site "Magdeburg GER"]
[Date "2014.06.09"]
[Round "3"]
[White "Scheinhütte, Jakob"]
[Black "Geue, Niklas"]
[Result "1-0"]
[Termination "normal"]
[Board "14"]
[WhiteElo "1761"]
[BlackElo "1892"]
[PlyCount "113"]
[WhiteFideId "24693944"]
[BlackFideId "12961043"]
[EventCountry "GER"]
[EventRounds "9"]
[EventType "swiss"]
[EventDate "2014.06.07"]

1. e4 e6 2. Nf3 d5 3. Nc3 Nf6 4. e5 Nfd7 5. d4 c5 6. dxc5 Nc6 7. Bf4 Bxc5 8.
Bd3 f6 9. exf6 Qxf6 10. Bg3 O-O 11. O-O Nde5 12. Nxe5 Nxe5 13. Bxh7+ Kxh7 14.
Qh5+ Kg8 15. Qxe5 Qxe5 16. Bxe5 Bd7 17. Rad1 Bc6 18. Bd4 Bd6 19. Rfe1 Rfe8 20.
Be5 Bc5 21. Ne2 Rac8 22. c3 Bb5 23. Nd4 Bxd4 24. Bxd4 a6 25. Re5 Re7 26. Rde1
Bd7 27. Rxd5 Bc6 28. Rde5 Kf7 29. f4 Bd5 30. a3 g6 31. Kf2 Rg8 32. R1e3 Bb3 33.
Ke2 Rg7 34. f5 gxf5 35. Rxf5+ exf5 36. Rxe7+ Kxe7 37. Bxg7 Bd5 38. g3 Kf7 39.
Bd4 Kg6 40. Ke3 Kg5 41. Be5 Kg6 42. Kd4 Bc6 43. Kc5 Kf7 44. c4 Ke6 45. Bf4 Bf3
46. b4 Kd7 47. h4 Bg4 48. b5 axb5 49. cxb5 Bd1 50. Kb6 Kc8 51. Be5 Be2 52. a4
Bf3 53. a5 Kd7 54. a6 bxa6 55. bxa6 Kc8 56. a7 Kd7 57. h5 1-0

[Event "DEM U16 2014"]
[Site "Magdeburg GER"]
[Date "2014.06.10"]
[Round "4"]
[White "Schröder, Jan-Christian"]
[Black "Herzum, Peter"]
[Result "1-0"]
[Termination "normal"]
[Board "1"]
[WhiteTitle "FM"]
[WhiteElo "2372"]
[BlackElo "1951"]
[WhiteClock "00:22:49"]
[BlackClock "00:22:41"]
[PlyCount "99"]
[WhiteFideId "24662259"]
[BlackFideId "12919217"]
[EventCountry "GER"]
[EventRounds "9"]
[EventType "swiss"]
[EventDate "2014.06.07"]

1. e4 c5 2. Nf3 d6 3. Bb5+ Bd7 4. Bxd7+ Qxd7 5. O-O Nc6 6. c3 d5 7. d3 e6 8.
Re1 dxe4 9. dxe4 Qxd1 10. Rxd1 Nf6 11. Re1 Be7 12. Bf4 O-O-O 13. Nbd2 h6 14. h4
Nh5 15. Be3 f5 16. g3 f4 17. gxf4 Rhf8 18. Kg2 Nxf4+ 19. Bxf4 Rxf4 20. Kg3 Rdf8
21. h5 Bd6 22. e5 Bc7 23. Re3 R4f5 24. Rae1 Rxh5 25. Nc4 Kb8 26. Rd1 b5 27. Nd6
a6 28. Kg2 Ne7 29. c4 b4 30. Ne4 Nf5 31. Red3 Nd4 32. Nxc5 Rxf3 33. Rxd4 Rf7
34. Nxa6+ Kb7 35. Nxc7 Kxc7 36. Re1 Rg5+ 37. Kf1 Rff5 38. Rde4 Kc6 39. R1e3 h5
40. f3 Kc5 41. Kf2 Rg6 42. a3 Rh6 43. axb4+ Kxb4 44. Rc3 Kc5 45. Rc1 h4 46. b4+
Kxb4 47. c5+ Kb5 48. c6 Rf8 49. c7 h3 50. Re2 1-0

[Event "DEM U16 2014"]
[Site "Magdeburg GER"]
[Date "2014.06.10"]
[Round "4"]
[White "Sawlin, Leonid"]
[Black "Pfreundt, Jakob"]
[Result "1/2-1/2"]
[Termination "normal"]
[Board "2"]
[WhiteElo "2141"]
[BlackElo "1982"]
[WhiteClock "00:33:51"]
[BlackClock "00:26:39"]
[PlyCount "81"]
[WhiteFideId "4689542"]
[BlackFideId "12918156"]
[EventCountry "GER"]
[EventRounds "9"]
[EventType "swiss"]
[EventDate "2014.06.07"]

1. e4 e5 2. Nf3 Nc6 3. d4 exd4 4. Nxd4 Bb4+ 5. c3 Bc5 6. Be3 Bb6 7. Nf5 g6 8.
Bxb6 axb6 9. Ne3 Nf6 10. f3 Qe7 11. Qd2 d5 12. Nxd5 Nxd5 13. Qxd5 Be6 14. Qd2
Rxa2 15. Rxa2 Bxa2 16. Na3 O-O 17. Bc4 Bxc4 18. Nxc4 Rd8 19. Qf2 Ne5 20. Nxe5
Qxe5 21. O-O Qc5 22. g3 Rd2 23. Qxc5 bxc5 24. Rf2 Rd1+ 25. Kg2 b5 26. Rc2 b4
27. cxb4 cxb4 28. Kh3 c5 29. Kg4 b3 30. Rxc5 Rd2 31. h4 Rxb2 32. Rb5 Rb1 33. h5
Kg7 34. Kg5 f6+ 35. Kg4 b2 36. Rb7+ Kf8 37. h6 Rh1 38. Rxb2 Rxh6 39. Rb7 Rh1
40. Kf4 Rh3 41. Kg4 1/2-1/2

[Event "DEM U16 2014"]
[Site "Magdeburg GER"]
[Date "2014.06.10"]
[Round "4"]
[White "Perske, Thore"]
[Black "Baskin, Robert"]
[Result "1/2-1/2"]
[Termination "normal"]
[Board "3"]
[WhiteElo "2219"]
[BlackElo "2222"]
[WhiteClock "00:11:24"]
[BlackClock "00:24:11"]
[PlyCount "44"]
[WhiteFideId "12902195"]
[BlackFideId "24662402"]
[EventCountry "GER"]
[EventRounds "9"]
[EventType "swiss"]
[EventDate "2014.06.07"]

1. e4 c5 2. Nf3 Nc6 3. d4 cxd4 4. Nxd4 e5 5. Nb5 a6 6. Nd6+ Bxd6 7. Qxd6 Qe7 8.
Qxe7+ Ngxe7 9. Nc3 d5 10. exd5 Nb4 11. Bd3 Bf5 12. Bxf5 Nxf5 13. O-O Nxc2 14.
Rb1 O-O-O 15. f4 e4 16. g4 Nd6 17. Rf2 Nb4 18. Be3 Nd3 19. Rc2 Kb8 20. Rd1 Nc4
21. Bd4 Ncxb2 22. Rf1 Rhe8 1/2-1/2

[Event "DEM U16 2014"]
[Site "Magdeburg GER"]
[Date "2014.06.10"]
[Round "4"]
[White "Mager, Denis"]
[Black "Kollars, Dmitrij"]
[Result "1/2-1/2"]
[Termination "normal"]
[Board "4"]
[WhiteElo "2138"]
[BlackElo "2191"]
[WhiteClock "00:00:49"]
[BlackClock "00:03:42"]
[PlyCount "92"]
[WhiteFideId "24691127"]
[BlackFideId "12909572"]
[EventCountry "GER"]
[EventRounds "9"]
[EventType "swiss"]
[EventDate "2014.06.07"]

1. g3 e5 2. Bg2 Nf6 3. c4 c6 4. d4 exd4 5. Qxd4 d5 6. Bg5 Be7 7. cxd5 cxd5 8.
e3 Nc6 9. Qa4 O-O 10. Ne2 h6 11. Bxf6 Bxf6 12. Nbc3 d4 13. exd4 Nxd4 14. O-O
Bd7 15. Qd1 Bg4 16. f3 Bf5 17. Ne4 Bxe4 18. fxe4 Qb6 19. Nxd4 Bxd4+ 20. Kh1
Rad8 21. Rb1 Qa6 22. Qb3 Qb6 23. Qxb6 axb6 24. a4 Be5 25. Rf5 f6 26. Rf2 Rd4
27. b3 Rfd8 28. Re1 Rd2 29. Rxd2 Rxd2 30. Bf1 h5 31. Bc4+ Kh7 32. Re2 Rd1+ 33.
Kg2 g5 34. Bd5 g4 35. Bxb7 Bd4 36. h3 Rd3 37. hxg4 hxg4 38. e5 Kg7 39. e6 Be5
40. b4 Kf8 41. a5 bxa5 42. bxa5 Rxg3+ 43. Kf1 Ra3 44. a6 Ke7 45. Bc8 Kd8 46.
Bb7 g3 1/2-1/2

[Event "DEM U16 2014"]
[Site "Magdeburg GER"]
[Date "2014.06.10"]
[Round "4"]
[White "Wilhelm, Till"]
[Black "Grigorian, Spartak"]
[Result "1-0"]
[Termination "normal"]
[Board "5"]
[WhiteElo "1994"]
[BlackElo "2186"]
[WhiteClock "00:23:08"]
[BlackClock "00:04:00"]
[PlyCount "157"]
[WhiteFideId "12942391"]
[BlackFideId "24661490"]
[EventCountry "GER"]
[EventRounds "9"]
[EventType "swiss"]
[EventDate "2014.06.07"]

1. d4 Nf6 2. Bg5 Ne4 3. Bf4 d5 4. e3 c5 5. Bd3 Nf6 6. c3 Nc6 7. Nf3 Bg4 8. h3
Bh5 9. Nbd2 e6 10. O-O Rc8 11. a3 Bd6 12. Bxd6 Qxd6 13. b4 cxd4 14. cxd4 O-O
15. Qb3 e5 16. dxe5 Nxe5 17. Nxe5 Qxe5 18. Rac1 Rfd8 19. Qb1 Qg5 20. Qb2 Nd7
21. Qd4 Nf8 22. h4 Qg4 23. Nf3 Qd7 24. Ne5 Qd6 25. Bf5 Rc7 26. Rxc7 Qxc7 27.
Nd3 Qc4 28. Rc1 Qxd4 29. exd4 g6 30. Bc8 Be2 31. Nf4 Bc4 32. Bxb7 h6 33. Re1 g5
34. hxg5 hxg5 35. Nh5 Ne6 36. Re5 Kh7 37. Nf6+ Kg6 38. Nxd5 Nxd4 39. Nc3 Ne6
40. Bd5 Kf6 41. Rxe6+ fxe6 42. Bxc4 Rc8 43. Ne4+ Ke5 44. Nc5 Kd4 45. Bxe6 Rh8
46. Bd7 Ke5 47. Na6 Rd8 48. Bb5 Rc8 49. a4 Rc2 50. a5 Kd4 51. Nb8 Rb2 52. Nc6+
Kd5 53. Nxa7 Rxb4 54. Bc6+ Kc5 55. Ba8 Ra4 56. Nc6 Kd6 57. Bb7 Kc7 58. a6 Kb6
59. Kh2 Ra3 60. f3 Ra4 61. Kg3 Ra2 62. Nd4 g4 63. fxg4 Ra3+ 64. Kh4 Ra5 65. Nc6
Ra4 66. Kh5 Ra2 67. g5 Rxg2 68. g6 Rh2+ 69. Kg5 Rg2+ 70. Kf6 Rf2+ 71. Ke7 Re2+
72. Kf8 Rf2+ 73. Kg8 Kc7 74. g7 Re2 75. Nd4 Rd2 76. Ne6+ Kb8 77. Kf7 Ka7 78.
g8=Q Rd8 79. Nxd8 1-0

[Event "DEM U16 2014"]
[Site "Magdeburg GER"]
[Date "2014.06.10"]
[Round "4"]
[White "Bingert, Tim Niklas"]
[Black "Schmekel, Florian"]
[Result "1/2-1/2"]
[Termination "normal"]
[Board "6"]
[WhiteElo "2122"]
[BlackElo "1771"]
[WhiteClock "00:00:46"]
[BlackClock "00:50:25"]
[PlyCount "70"]
[WhiteFideId "12917907"]
[BlackFideId "12913456"]
[EventCountry "GER"]
[EventRounds "9"]
[EventType "swiss"]
[EventDate "2014.06.07"]

1. e4 c5 2. Nf3 Nc6 3. d4 cxd4 4. Nxd4 g6 5. c4 Nf6 6. Nc3 d6 7. Be2 Nxd4 8.
Qxd4 Bg7 9. Be3 O-O 10. Qd2 Be6 11. O-O Qa5 12. Rac1 Rfc8 13. b3 a6 14. Nd5
Qxd2 15. Bxd2 Nxd5 16. exd5 Bd7 17. a4 Bd4 18. a5 Bf5 19. Bc3 Bxc3 20. Rxc3 Rc7
21. Re3 Kf8 22. g4 Bd7 23. f4 h6 24. f5 g5 25. f6 Re8 26. Kg2 Rcc8 27. fxe7+
Rxe7 28. Rxe7 Kxe7 29. h3 f6 30. Bd3 Kf7 31. Re1 Rh8 32. Kg3 h5 33. b4 hxg4 34.
hxg4 Rh4 35. Be2 Ke8 1/2-1/2

[Event "DEM U16 2014"]
[Site "Magdeburg GER"]
[Date "2014.06.10"]
[Round "4"]
[White "Gretz, Denis"]
[Black "Borchert, René"]
[Result "1-0"]
[Termination "normal"]
[Board "7"]
[WhiteElo "2021"]
[BlackElo "2008"]
[WhiteClock "00:32:14"]
[BlackClock "00:50:35"]
[PlyCount "81"]
[WhiteFideId "12945188"]
[BlackFideId "12990671"]
[EventCountry "GER"]
[EventRounds "9"]
[EventType "swiss"]
[EventDate "2014.06.07"]

1. e4 e5 2. Nf3 Nc6 3. Bc4 Bc5 4. c3 Nf6 5. d3 d6 6. Nbd2 a6 7. Bb3 O-O 8. O-O
Ba7 9. Re1 Ng4 10. Re2 Nh6 11. Nf1 Kh8 12. Bg5 f6 13. Bxh6 gxh6 14. Qd2 f5 15.
Qxh6 f4 16. Ng5 Qe7 17. Nxh7 Qg7 18. Qxg7+ Kxg7 19. Nxf8 Kxf8 20. Nd2 Bg4 21.
Ree1 Ne7 22. Kf1 Ng6 23. h3 Bd7 24. Nf3 Ke7 25. d4 Bb5+ 26. c4 Bd7 27. Rad1 Rg8
28. c5 Bb5+ 29. Kg1 Rg7 30. cxd6+ cxd6 31. dxe5 Nxe5 32. Nxe5 dxe5 33. Rc1 Kf6
34. Rc8 Rg5 35. Rec1 Bd7 36. R8c7 Bxh3 37. Rxb7 Rxg2+ 38. Kh1 Bxf2 39. Rc6+ Kg5
40. Rg7+ Kh4 41. Rh6# 1-0

[Event "DEM U16 2014"]
[Site "Magdeburg GER"]
[Date "2014.06.10"]
[Round "4"]
[White "Richter, Leonard"]
[Black "Schmidt, Tobias"]
[Result "1/2-1/2"]
[Termination "normal"]
[Board "8"]
[WhiteElo "2127"]
[BlackElo "2005"]
[WhiteClock "00:03:11"]
[BlackClock "00:04:11"]
[PlyCount "77"]
[WhiteFideId "12900290"]
[BlackFideId "1271683"]
[EventCountry "GER"]
[EventRounds "9"]
[EventType "swiss"]
[EventDate "2014.06.07"]

1. e4 e6 2. d4 d5 3. Nc3 Nf6 4. Bg5 Bb4 5. e5 h6 6. Bd2 Bxc3 7. bxc3 Ne4 8. Qg4
g6 9. Bd3 Nxd2 10. Kxd2 c5 11. h4 Nc6 12. Nf3 Qe7 13. Qf4 Bd7 14. Rab1 O-O-O
15. dxc5 Qxc5 16. Nd4 Na5 17. Nb3 Nxb3+ 18. Rxb3 g5 19. Qd4 Qxd4 20. cxd4 g4
21. Rc3+ Kb8 22. Be2 h5 23. f3 gxf3 24. Rxf3 Rhg8 25. Rh2 Rg7 26. Rf6 Rdg8 27.
Bf3 Bb5 28. Ke3 Rc8 29. Bxh5 Rxc2 30. Bxf7 Rc3+ 31. Kd2 Rd3+ 32. Kc2 Rxd4 33.
Bxe6 Rc7+ 34. Kb3 Ba4+ 35. Ka3 Rc3+ 36. Kb2 Rc2+ 37. Ka3 Rc3+ 38. Kb2 Rc2+ 39.
Ka3 1/2-1/2

[Event "DEM U16 2014"]
[Site "Magdeburg GER"]
[Date "2014.06.10"]
[Round "4"]
[White "Bilchinski, Anton"]
[Black "Grunau, Christoph"]
[Result "1-0"]
[Termination "normal"]
[Board "9"]
[WhiteElo "1974"]
[BlackElo "2077"]
[PlyCount "83"]
[WhiteFideId "24615765"]
[BlackFideId "12929760"]
[EventCountry "GER"]
[EventRounds "9"]
[EventType "swiss"]
[EventDate "2014.06.07"]

1. d4 d5 2. c4 e6 3. Nc3 c6 4. Nf3 Nf6 5. cxd5 exd5 6. Bg5 Bf5 7. Qb3 Qb6 8.
Bxf6 gxf6 9. e3 Bg6 10. Be2 Nd7 11. Rc1 Be7 12. O-O f5 13. Bd3 Nf6 14. Qc2 Ne4
15. Nd2 Bg5 16. Rce1 O-O 17. Nb3 Rfe8 18. f4 Bf6 19. Nxe4 dxe4 20. Be2 h5 21.
Rc1 Kg7 22. Nc5 Rad8 23. b4 Re7 24. Qc4 Rd6 25. a4 Qd8 26. a5 a6 27. Na4 Rc7
28. Rfd1 h4 29. Nb6 Re7 30. Qb3 Qf8 31. d5 Rc7 32. b5 axb5 33. Bxb5 Qd8 34.
dxc6 bxc6 35. Be2 Rxd1+ 36. Rxd1 Qe7 37. a6 Qc5 38. Nd7 Qc3 39. Qxc3 Bxc3 40.
Ne5 Kf8 41. Rd8+ Ke7 42. Rd7+ 1-0

[Event "DEM U16 2014"]
[Site "Magdeburg GER"]
[Date "2014.06.10"]
[Round "4"]
[White "Niegsch, Nicolas"]
[Black "Müller, Max"]
[Result "1-0"]
[Termination "normal"]
[Board "10"]
[WhiteElo "2005"]
[BlackElo "1795"]
[PlyCount "49"]
[WhiteFideId "12932140"]
[BlackFideId "12900486"]
[EventCountry "GER"]
[EventRounds "9"]
[EventType "swiss"]
[EventDate "2014.06.07"]

1. e4 c5 2. Nf3 d6 3. d4 cxd4 4. Nxd4 Nf6 5. Nc3 g6 6. Be3 Bg7 7. f3 O-O 8. Bc4
Nc6 9. Qd2 Bd7 10. h4 Ne5 11. Bb3 h5 12. O-O-O Rc8 13. Bg5 Rc5 14. Kb1 b5 15.
g4 hxg4 16. h5 Nxh5 17. Nd5 Rxd5 18. Bxd5 Nxf3 19. Nxf3 gxf3 20. Rdg1 Be6 21.
Rxh5 Bxd5 22. exd5 f6 23. Bh6 g5 24. Bxg7 Kxg7 25. Rhxg5+ 1-0